Teuerste Abgänge von Juventus Turin - Statistiken

Allgemein
  • Dieses Quiz wurde 27 mal gespielt
  • Das Durchschnittsergebnis liegt bei 4 aus 15
Antwortstatistiken
Hint Antwort % Korrekt
1 Paul Pogba
78%
15 Emre Can
48%
6 Leonardo Bonucci
43%
3 Mathijs De Ligt
35%
5 Miralem Pjanic
35%
2 Zinedine Zidane
35%
7 Arturo Vidal
30%
13 Moise Kean
30%
11 Alvaro Morata
26%
10 Dejan Kulusevski
13%
4 Joao Cancelo
13%
9 Filippo Inzaghi
9%
14 Matias Soule
4%
12 Leonardo Spinazzola
0%
8 Mattia Caldara
0%
Keine übereinstimmenden Quizze gefunden
Verteilung der Resultate
Anzahl Personen mit jedem Resultat
Perzentil nach korrekt beantworteten Fragen
Ihre Resultats-Entwicklung
Sie haben dieses Quiz noch nicht gespielt